| 000 | 02996pam a22004211i 4500 | ||
|---|---|---|---|
| 001 | 991009836369707026 | ||
| 003 | UkOxU | ||
| 005 | 20250703133417.0 | ||
| 006 | m || d | | ||
| 007 | cr ||||||||||| | ||
| 008 | 180608s2018 enk o 000|0|eng|d | ||
| 015 |
_aGBB8C6961 _2bnb |
||
| 020 | _a9780241301975 | ||
| 035 | _a021404788-44oxf_inst | ||
| 035 | _a(UkOxU)021404788 | ||
| 035 | _a(Uk)018935021 | ||
| 037 |
_aPenguinGroup462974 _bIngram Content Group |
||
| 040 |
_aStDuBDS _beng _erda _epn _cStDuBDS _dUk |
||
| 041 | _aeng | ||
| 042 | _aukblsr | ||
| 050 |
_aMT90 _b.C58 2018 |
||
| 110 | 0 |
_aDK Publishing, Inc. _eauthor _925653 |
|
| 245 | 0 | 4 |
_aThe classical music book _b: big ideas simply explained _c/ contributors: Levon Chilingirian [and 11 others]. |
| 250 | _aFirst American edition. | ||
| 260 |
_aLondon : _bDorling Kindersley Limited, _c2018. |
||
| 300 |
_a352 pages : _bcolor illustrations, portraits (chiefly color) ; _c24 cm. |
||
| 490 | _aBig ideas simply explained | ||
| 505 | _aEarly music, 1000-1400 — Renaissance, 1400-1600 — Baroque, 1600-1750 — Classical, 1750-1820 — Romantic, 1810-1920 — Nationalism, 1830-1920 — Modern, 1900-1950 — Contemporary. | ||
| 520 | _aFrom Mozart to Mendelssohn, this comprehensive guide to classical music history and classical music biography is the perfect latest addition to the bestselling Big Ideas series. Easy to understand and clear to follow, this history of classical music explores and explains music theory and the impact of seminal pieces, while also providing fascinating stories about the lives of crucial composers and performers. Including an insightful foreword by Katie Derham, The Classical Music Book analyses over 90 works by famous composers. From Thomas Tallis in the early period to baroque masters like Bach and Handel, to the classical genius of Beethoven and Wagner and beyond to the modern day, The Classical Music Book explores the key ideas underpinning the world's greatest classical compositions and musical traditions, and defines their importance to the musical canon, placing them into their wider social, cultural, and historical context. The unique approach to the subject makes this book the perfect classical music guide for everyone. Regardless of whether you are relatively new to the subject and want to learn or if you are a classical music aficionado, there is plenty to discover in The Classical Music Book. | ||
| 540 |
_aRestricted: Printing from this resource is governed by The Legal Deposit Libraries (Non-Print Works) Regulations (UK) and UK copyright law currently in force. _5UkOxU |
||
| 588 | _aDescription based on CIP data; resource not viewed. | ||
| 650 | 0 |
_aMusic appreciation _925655 |
|
| 650 | 0 |
_aMusic _zEurope _xHistory and criticism _925656 |
|
| 650 | 0 |
_aComposers _zEurope _vMiscellanea _925657 |
|
| 700 |
_aDerham, Katie _ewriter of supplementary textual content _925658 |
||
| 776 | 0 | 8 |
_iPrint version : _z9780241301975 |
| 942 | _2lcc | ||
| 999 |
_c4821 _d4821 |
||